[Event "Amber Blindfold"]
[Site "Monte Carlo MNC"]
[Date "2006.03.25"]
[Round "7"]
[White "Topalov,V"]
[Black "Vallejo Pons,F"]
[Result "0-1"]
[WhiteElo "2801"]
[BlackElo "2650"]

1.e4 e5 2.Nf3 Nc6 3.Bb5 Nf6 4.O-O Nxe4 5.d4 a6 6.Bxc6 dxc6 7.Qe2 Bf5 8.Rd1 Qe7
9.dxe5 Rd8 10.Rd4 Bg6 11.c3 Rxd4 12.cxd4 Qb4 13.Qe3 Be7 14.b3 Qa5 15.Nfd2 Qd5
16.Ba3 Bg5 17.Qe1 Qxd4 18.Nxe4 Qxa1 19.e6 fxe6 20.Nec3 Bxb1 21.h4 Bf6 22.Nxb1 Kf7
23.g3 Rd8  0-1

[Event "Amber Blindfold"]
[Site "Monte Carlo MNC"]
[Date "2006.03.28"]
[Round "9"]
[White "Ivanchuk,V"]
[Black "Vallejo Pons,F"]
[Result "1/2-1/2"]
[WhiteElo "2729"]
[BlackElo "2650"]

1.d4 d5 2.c4 c6 3.Nf3 Nf6 4.Nc3 e6 5.Bg5 h6 6.Bxf6 Qxf6 7.e3 Nd7 8.Qd2 Qd8
9.O-O-O Bb4 10.a3 Be7 11.Ne5 Nxe5 12.dxe5 Bd7 13.f4 Qc7 14.Kb1 O-O-O 15.Bd3 Kb8
16.Qc2 Bc8 17.Rhe1 f6 18.exf6 Bxf6 19.g3 g5 20.Ne2 Qg7 21.e4 dxe4 22.Bxe4 Rxd1+
23.Rxd1 Rd8 24.Rxd8 Bxd8 25.Qd2 Bf6  1/2-1/2

[Event "Amber Rapid"]
[Site "Monte Carlo MNC"]
[Date "2006.03.28"]
[Round "9"]
[White "Vallejo Pons,F"]
[Black "Ivanchuk,V"]
[Result "1/2-1/2"]
[WhiteElo "2650"]
[BlackElo "2729"]

1.e4 e5 2.Nf3 Nc6 3.Bb5 a6 4.Ba4 Nf6 5.O-O Be7 6.Re1 b5 7.Bb3 O-O 8.h3 Bb7
9.d3 d6 10.a3 Nb8 11.Nbd2 Nbd7 12.c3 Re8 13.Nf1 h6 14.Ng3 Bf8 15.a4 c6 16.d4 Qc7
17.Bc2 Rad8 18.axb5 axb5 19.dxe5 dxe5 20.Qe2 Qb6 21.Be3 Bc5 22.b4 Bxe3 23.Qxe3 c5
24.Red1 cxb4 25.Qxb6 Nxb6 26.Rxd8 Rxd8 27.cxb4  1/2-1/2

[Event "Amber Rapid"]
[Site "Monte Carlo MNC"]
[Date "2006.03.29"]
[Round "10"]
[White "Van Wely,L"]
[Black "Vallejo Pons,F"]
[Result "1-0"]
[WhiteElo "2647"]
[BlackElo "2650"]

1.d4 d5 2.c4 e6 3.Nc3 Bb4 4.Nf3 Nf6 5.Bg5 h6 6.Bh4 g5 7.Bg3 Ne4 8.Qb3 Nc6
9.e3 h5 10.h4 g4 11.Ne5 Nxg3 12.Nxc6 bxc6 13.fxg3 Qd6 14.O-O-O Bxc3 15.Qxc3 Bd7
16.e4 dxe4 17.d5 Qf8 18.Qe5 O-O-O 19.d6 cxd6 20.Rxd6 f6 21.Qd4 Kc7 22.c5 Bc8
23.Bc4 Rxd6 24.cxd6+ Qxd6 25.Qxa7+ Bb7 26.Rd1 Qe5 27.a4 e3 28.a5 e2 29.Re1 Ra8
30.Qb6+ Kc8 31.a6 Bxa6 32.Bxa6+ Kd7 33.Rxe2 Rb8 34.Qa7+  1-0

[Event "Amber Blindfold"]
[Site "Monte Carlo MNC"]
[Date "2006.03.29"]
[Round "10"]
[White "Vallejo Pons,F"]
[Black "Van Wely,L"]
[Result "1-0"]
[WhiteElo "2650"]
[BlackElo "2647"]

1.e4 c5 2.Ne2 e6 3.d4 cxd4 4.Nxd4 a6 5.Nc3 b5 6.Bd3 d6 7.a4 b4 8.Na2 Nf6
9.O-O Bb7 10.Re1 Be7 11.Nxb4 d5 12.e5 Bxb4 13.c3 Be7 14.exf6 Bxf6 15.Qb3 Qd7
16.Nxe6 fxe6 17.Bf5 Be7 18.Bxe6 Qc6 19.Bg5 Bxg5 20.Bxd5+ Kd8 21.Bxc6 Bxc6
22.Rad1+ Kc7 23.a5 Rd8 24.Qb6+ Kc8 25.Qc5 Bf6 26.Rxd8+ Kxd8 27.Re6 Bd7 28.Qf8+ Kc7
29.Qc5+ Kd8 30.Qf8+ Kc7 31.Rb6 Bc6 32.h4 h5 33.c4 Bd8 34.c5 Ba4 35.Qf4+  1-0

[Event "1st Rapid"]
[Site "Canada de Calatrava ESP"]
[Date "2006.04.16"]
[Round "8"]
[White "Vallejo Pons,F"]
[Black "Glek,I"]
[Result "1-0"]
[WhiteElo "2666"]
[BlackElo "2560"]

1.d4 e6 2.c4 f5 3.g3 Nf6 4.Bg2 Be7 5.Nf3 O-O 6.O-O d6 7.Qc2 Nc6 8.Rd1 a5
9.Nc3 Qe8 10.a3 e5 11.dxe5 dxe5 12.Nd5 Bd8 13.Bg5 Qf7 14.Bd2 e4 15.Ng5 Qh5
16.Bf4 Ne8 17.h4 h6 18.Nh3 g5 19.Be3 f4 20.Nhxf4 gxf4 21.Nxf4 Qf7 22.Qxe4 Bf5
23.Qd5 Kh7 24.Rd2 Nd6 25.Bc5 Qg7 26.Bxd6 cxd6 27.Be4 Qe5 28.Ne6 Rf6 29.Qxe5 Nxe5
30.Bxf5+ Rxf5 31.Rxd6 Be7 32.Rd5 Rg8 33.Kg2 Bxh4 34.Rh1 Bf6 35.e4 Rh8  1-0

[Event "XIX Ciudad"]
[Site "Leon ESP"]
[Date "2006.06.10"]
[Round "1.3"]
[White "Topalov,V"]
[Black "Vallejo Pons,F"]
[Result "1/2-1/2"]
[WhiteElo "2804"]
[BlackElo "2666"]

1.d4 d5 2.c4 e6 3.Nf3 Nf6 4.Nc3 dxc4 5.e3 a6 6.a4 c5 7.Bxc4 Nc6 8.O-O Be7
9.Qe2 cxd4 10.Rd1 O-O 11.Nxd4 Qc7 12.Nxc6 Qxc6 13.e4 b6 14.Be3 Bb7 15.Bd3 Bc5
16.Rac1 Rfd8 17.b4 Bxb4 18.Nd5 Nxd5 19.Rxc6 Nxe3 20.Rxb6 Nxd1 21.Rxb7 Nc3
22.Qf3 Bf8 23.g3 Nxa4 24.e5 Rxd3 25.Qxd3 Nc5 26.Qf3 Nxb7 27.Qxb7 Rd8 28.Qxa6 g5
29.Qe2 Rd5 30.Qe3 h6 31.Kg2 Bc5 32.Qe2 Bb4 33.h4 Bc3 34.hxg5 hxg5 35.Qe3 Bxe5
36.Qxg5+ Kf8 37.Qe3 Bd4 38.Qe4 Ke7 39.g4 Bc5 40.Qc4 Kd6 41.f4 Ke7 42.f5 Bd4
43.Kf3 Bf6 44.Qc7+ Ke8 45.Qc6+ Ke7 46.Qc7+ Ke8 47.Qc6+ Ke7 48.Ke4  1/2-1/2

[Event "XXI Rapid Open"]
[Site "Villarrobledo ESP"]
[Date "2006.08.05"]
[Round "5"]
[White "Ljubojevic,L"]
[Black "Vallejo Pons,F"]
[Result "0-1"]
[WhiteElo "2551"]
[BlackElo "2674"]

1.d4 d5 2.Nf3 Nf6 3.c4 e6 4.Nc3 c6 5.Bg5 h6 6.Bxf6 Qxf6 7.e3 Nd7 8.Bd3 dxc4
9.Bxc4 g6 10.O-O Bg7 11.b4 O-O 12.Rc1 Qe7 13.Qb3 b6 14.Rfd1 Bb7 15.a4 Rab8
16.b5 Rfc8 17.bxc6 Rxc6 18.d5 Nc5 19.Qa3 exd5 20.Bxd5 Rd6 21.Bxb7 Rxb7 22.Rxd6 Qxd6
23.Rd1 Qe6 24.Qb4 a5 25.Qa3 Rd7 26.h3 Rxd1+ 27.Nxd1 Qc4 28.Nd4 Qxa4 29.Qxa4 Nxa4
30.Kf1 Kf8 31.Ke2 Bxd4 32.exd4 Ke7 33.Kd3 b5 34.Ne3 Nb6 35.Ng4 Nd5 36.g3 a4
37.Ne5 g5 38.Nc6+ Kd6 39.Na7 Nc7 40.Kc3 Kd5 41.f3 a3 42.Kb3 b4 43.Nc8 Kxd4
44.Nd6 f6 45.Nf5+ Kd3 46.Nxh6 Na6 47.Nf5 Nc5+ 48.Ka2 Kc3 49.h4  0-1

[Event "XXI Rapid Open"]
[Site "Villarrobledo ESP"]
[Date "2006.08.06"]
[Round "6"]
[White "Vallejo Pons,F"]
[Black "Perez,Lu"]
[Result "0-1"]
[WhiteElo "2674"]
[BlackElo "2414"]

1.e4 d6 2.d4 Nf6 3.Nc3 g6 4.Nge2 Bg7 5.g3 O-O 6.Bg2 e5 7.h3 c6 8.a4 exd4
9.Nxd4 Na6 10.O-O Nb4 11.Re1 Re8 12.a5 d5 13.e5 Nd7 14.e6 Bxd4 15.Qxd4 Nxc2
16.Bxd5 Rxe6 17.Qc4  0-1

[Event "TCh-ESP Honor Gp1"]
[Site "Olite ESP"]
[Date "2006.09.06"]
[Round "1"]
[White "Pelletier,Y"]
[Black "Vallejo Pons,F"]
[Result "0-1"]
[WhiteElo "2583"]
[BlackElo "2674"]

1.d4 d5 2.c4 e6 3.Nf3 Nf6 4.Nc3 Bb4 5.Bg5 h6 6.Bxf6 Qxf6 7.e3 O-O 8.Be2 dxc4
9.O-O c5 10.Ne4 Qe7 11.a3 cxd4 12.Bxc4 Ba5 13.exd4 Rd8 14.Qc2 Nc6 15.Rfd1 Bb6
16.Qc3 Bd7 17.b4 Be8 18.Rac1 Rac8 19.Qb2 Kh8 20.h3 Rc7 21.Rd2 a5 22.Nc5 axb4
23.axb4 Ba7 24.Ba2 Nxb4 25.Qxb4 b6 26.Rdc2 bxc5 27.dxc5 Rdc8 28.Bb1 Rxc5
29.Rxc5 Rxc5 30.Rxc5 Qxc5 31.Qxc5 Bxc5 32.Ne5 Bd4 33.Nc4 Bc6 34.Nd6 Kg8 35.Be4 Ba4
36.g4 Kf8 37.Nc4 Bb5 38.Nd2 g6 39.Kg2 Ke7 40.Nf1 f5 41.gxf5 gxf5 42.Ba8 Kf6
43.Ng3 Kg5 44.Kf3 e5 45.Kg2 Bd3 46.f3 Be3 47.Bc6 h5 48.Nf1 Bf4 49.Ng3 Bxg3
50.Kxg3 h4+ 51.Kf2 Kf4  0-1

[Event "TCh-ESP Honor Gp1"]
[Site "Olite ESP"]
[Date "2006.09.07"]
[Round "2"]
[White "Giorgadze,G1"]
[Black "Vallejo Pons,F"]
[Result "1/2-1/2"]
[WhiteElo "2607"]
[BlackElo "2674"]

1.d4 e6 2.c4 b6 3.a3 Bb7 4.Nc3 f5 5.d5 Nf6 6.g3 Na6 7.Bg2 Nc5 8.Nh3 Bd6 9.Bf4 e5
10.Be3 a5 11.O-O O-O 12.Qc2 Ng4 13.Bg5 Qe8 14.f3 Nf6 15.Nb5 a4 16.Qxf5 Nxd5  1/2-1/2

[Event "TCh-ESP Honor Gp1"]
[Site "Olite ESP"]
[Date "2006.09.08"]
[Round "3"]
[White "Vallejo Pons,F"]
[Black "Oms Pallise,J"]
[Result "1-0"]
[WhiteElo "2674"]
[BlackElo "2511"]

1.Nf3 Nf6 2.c4 e6 3.Nc3 d5 4.d4 Nbd7 5.cxd5 exd5 6.Bf4 c6 7.e3 Nh5 8.Bg5 Be7
9.Bxe7 Qxe7 10.Qc2 g6 11.O-O-O Nb6 12.Bd3 Ng7 13.Rde1 Be6 14.h4 O-O-O 15.Ne5 Kb8
16.Kb1 Rc8 17.Na4 Nxa4 18.Qxa4 f6 19.Nf3 Bf5 20.Qb3 Be4 21.Rc1 Nf5 22.Qc2 Nd6
23.Ka1 Bxd3 24.Qxd3 Ne4 25.Rhf1 h6 26.Nd2 Nxd2 27.Qxd2 g5 28.Rh1 Qe4 29.g3 Qf3
30.a3 a6 31.Rh2 Rhf8 32.Ka2 Rf7 33.Rch1 Ka8 34.Qc2 Rcf8 35.Rh3 Kb8 36.R3h2 Ka8
37.Ka1 Kb8 38.Kb1 Ka8 39.Ka2 Kb8 40.Ka1 Ka8 41.Ka2 Kb8 42.Qc5 gxh4 43.Qd6+ Ka8
44.Qf4 Qxf4 45.gxf4 Rg7 46.Rxh4 Rg2 47.R1h2 Rxh2 48.Rxh2 Rh8 49.Rh5 Kb8 50.Kb3 Kc7
51.Kc3 Kd6 52.f3 Ke6 53.e4 Kf7 54.f5 Kg7 55.Kd3 Rc8 56.Rh2 c5 57.exd5 c4+
58.Kc3 b5 59.Kb4 Kh7 60.f4 Rc7 61.d6 Rc6 62.d5 Rxd6 63.Kc5 Rd8 64.d6 c3 65.bxc3 Rc8+
66.Kb6  1-0

[Event "LXXI ch-ESP GpA"]
[Site "Leon ESP"]
[Date "2006.11.22"]
[Round "1"]
[White "Vallejo Pons,F"]
[Black "Herraiz Hidalgo,H"]
[Result "1-0"]
[WhiteElo "2674"]
[BlackElo "2493"]

1.d4 f5 2.Bg5 g6 3.Nc3 Bg7 4.e4 fxe4 5.Nxe4 d5 6.Nc5 b6 7.Nb3 Nh6 8.Nf3 Nf7
9.Bh4 O-O 10.Be2 c5 11.c3 c4 12.Nbd2 Nc6 13.O-O Bf5 14.Ng5 Nxg5 15.Bxg5 Qd6
16.Bh4 b5 17.Bg3 Qd7 18.Nf3 Rae8 19.Re1 h6 20.Qd2 e6 21.a4 bxa4 22.Bd1 Be4
23.Bxa4 Bxf3 24.gxf3 Rxf3 25.Qc2 Kh7 26.Bxc6 Qxc6 27.Rxa7 Ref8 28.Re7 Re8
29.Rc7 Qa6 30.Qe2 Rff8 31.Be5 Rg8 32.Qf3 h5 33.Qf6  1-0

[Event "LXXI ch-ESP GpA"]
[Site "Leon ESP"]
[Date "2006.11.23"]
[Round "2"]
[White "Vallejo Pons,F"]
[Black "Rivas Pastor,M"]
[Result "1/2-1/2"]
[WhiteElo "2674"]
[BlackElo "2511"]

1.d4 Nf6 2.Nf3 e6 3.c4 b6 4.g3 Ba6 5.b3 b5 6.Nbd2 bxc4 7.bxc4 c5 8.Bg2 Nc6
9.Ne5 Bb7 10.Rb1 Qc7 11.Qa4 Rc8 12.Nxc6 Bxc6 13.Bxc6 Qxc6 14.Qxc6 dxc6 15.Bb2 Nd7
16.e3 Be7 17.Ke2 f6 18.Bc3 cxd4 19.exd4 Nb6 20.Ba5 Bd8 21.Rhc1 O-O 22.Ne4 Bc7
23.Nc5 Rfe8 24.f4 h5 25.Rb3 Kh7 26.Na6 Bd8 27.c5 Nd5 28.Bc3 e5 29.dxe5 fxe5
30.Bxe5  1/2-1/2

[Event "LXXI ch-ESP GpA"]
[Site "Leon ESP"]
[Date "2006.11.24"]
[Round "3"]
[White "Del Rio Angelis,S"]
[Black "Vallejo Pons,F"]
[Result "1/2-1/2"]
[WhiteElo "2492"]
[BlackElo "2674"]

1.e4 e5 2.Nf3 Nc6 3.Bb5 Nf6 4.O-O Nxe4 5.d4 Nd6 6.Bxc6 dxc6 7.dxe5 Nf5 8.Qxd8+ Kxd8
9.Nc3 h6 10.h3 Ne7 11.Re1 Ng6 12.Ne4 c5 13.Rd1+ Ke8 14.Nc3 Be7 15.Nd5 Bd8
16.Be3 b6 17.c4 a5 18.Re1 Be6 19.Nd2 h5 20.f4 Ne7 21.Nc3 Nf5 22.Bf2 h4 23.b3 Kd7
24.Nf3 c6 25.Rad1+ Kc7 26.Rd2 Be7  1/2-1/2

[Event "LXXI ch-ESP GpA"]
[Site "Leon ESP"]
[Date "2006.11.25"]
[Round "4"]
[White "Vallejo Pons,F"]
[Black "Garcia Castro,P"]
[Result "1-0"]
[WhiteElo "2674"]
[BlackElo "2390"]

1.d4 d6 2.Nf3 Nf6 3.c4 Nbd7 4.Nc3 e5 5.e4 Be7 6.Be2 O-O 7.O-O c6 8.Re1 a6
9.a3 Qc7 10.Bg5 Re8 11.Bf1 h6 12.Bh4 Nh7 13.Bg3 Ng5 14.Nh4 Ne6 15.Nf5 Bf6
16.Ne2 a5 17.Qc2 a4 18.Rad1 Be7 19.c5 dxc5 20.Nxe7+ Rxe7 21.dxe5 g5 22.Rd6 Qa5
23.Red1 c4 24.Nd4 Nxd4 25.R1xd4 Nxe5 26.Rxh6 Kg7 27.Rhd6 Be6 28.h4 f6 29.hxg5 fxg5
30.R4d5 Bxd5 31.exd5 Nf7 32.Qg6+ Kf8 33.dxc6 bxc6 34.Rf6 Rd8 35.Bxc4 Rd1+
36.Kh2 Qa7 37.Qh6+ Ke8 38.Bxf7+ Rxf7 39.Qh8+  1-0

[Event "LXXI ch-ESP GpA"]
[Site "Leon ESP"]
[Date "2006.11.26"]
[Round "5"]
[White "Narciso Dublan,M"]
[Black "Vallejo Pons,F"]
[Result "1/2-1/2"]
[WhiteElo "2511"]
[BlackElo "2674"]

1.e4 c5 2.Nc3 Nc6 3.Nge2 Nf6 4.d4 cxd4 5.Nxd4 e5 6.Ndb5 d6 7.Nd5 Nxd5 8.exd5 Nb8
9.Be3 a6 10.Na3 Nd7 11.Qd2 Be7 12.Nc4 O-O 13.a4 b6 14.Be2 a5 15.O-O Nc5 16.Rfb1 Bd7
17.b4 axb4 18.Qxb4 Nxa4 19.Nxb6 Nxb6 20.Bxb6  1/2-1/2

[Event "LXXI ch-ESP KO"]
[Site "Leon ESP"]
[Date "2006.11.28"]
[Round "1.2"]
[White "Vallejo Pons,F"]
[Black "Perez Candelario,Man"]
[Result "1/2-1/2"]
[WhiteElo "2674"]
[BlackElo "2496"]

1.d4 d5 2.Nf3 Nf6 3.c4 e6 4.Nc3 dxc4 5.e4 Bb4 6.Bg5 b5 7.a4 c6 8.e5 h6 9.exf6 hxg5
10.fxg7 Rg8 11.g3 Bb7 12.Bg2 c5 13.O-O g4 14.Nh4 Bxg2 15.Nxg2 Rxg7 16.dxc5 Bxc5
17.axb5 Nd7 18.Re1 Qc7 19.Qd5 Nb6 20.Qe5 Qxe5 21.Rxe5 Nd7 22.Re4 Rg5 23.Ne3 Ne5
24.Nxc4 Nxc4 25.Rxc4 Bb6 26.Na4 Bd8 27.Nc3 Bb6 28.Na4 Bd8 29.b4 Ke7 30.Rc5 Rg7
31.Rc6 Rb8 32.Ra6 Rxb5 33.Rxa7+ Kf6 34.Nc5 Rxb4 35.Rd1 Bb6 36.Nd7+ Kf5 37.Nxb6  1/2-1/2

[Event "Aeroflot Open"]
[Site "Moscow RUS"]
[Date "2007.02.16"]
[Round "3"]
[White "Lahno,Kateri"]
[Black "Vallejo Pons,F"]
[Result "0-1"]
[WhiteElo "2456"]
[BlackElo "2679"]

1.e4 c5 2.Nf3 d6 3.d4 cxd4 4.Nxd4 Nf6 5.Nc3 a6 6.Be2 g6 7.Be3 Nbd7 8.Qd2 b5
9.f3 Bb7 10.b4 Bg7 11.a4 bxa4 12.Nxa4 d5 13.e5 Nxe5 14.Nc5 Qc8 15.b5 Qxc5
16.Nf5 Qc8 17.Nxg7+ Kd7 18.bxa6 Bxa6 19.O-O Bxe2 20.Qxe2 Qc4 21.Qf2 Nc6 22.Rab1 Rhb8
23.Bg5 Qd4 24.Qxd4 Nxd4 25.c4 Ne2+ 26.Kf2 Nc3 27.Rxb8 Rxb8 28.Rc1 d4 29.Bd2 Rg8
30.Bh6 Rc8  0-1

[Event "Aeroflot Open"]
[Site "Moscow RUS"]
[Date "2007.02.17"]
[Round "4"]
[White "Vallejo Pons,F"]
[Black "Ivanov,AV USA"]
[Result "1-0"]
[WhiteElo "2679"]
[BlackElo "2577"]

1.e4 e5 2.Nf3 Nc6 3.Bb5 a6 4.Bxc6 dxc6 5.O-O Qf6 6.h3 Ne7 7.c3 Ng6 8.d4 h6
9.Kh1 Bd7 10.Be3 O-O-O 11.Nbd2 Qe6 12.Nxe5 Nxe5 13.dxe5 Qxe5 14.f4 Qe8 15.Qc2 c5
16.Bg1 f5 17.Rae1 Qf7 18.Nf3 Bd6 19.e5 Be7 20.b4 Qc4 21.bxc5 g6 22.e6 Ba4
23.Qf2 Bf6 24.Qg3 Rhg8 25.Bd4 Be7 26.Qf2 Rge8 27.Qg3 Rg8 28.a3 Rde8 29.Nd2 Qd5
30.Re5 Qa2 31.Qe1 Bc6 32.Nf3 Qxa3 33.Kg1 Qa4 34.Re3 g5 35.fxg5 Bxg5 36.Nxg5 Rxg5
37.Rf2 Reg8 38.Ree2 f4 39.h4 Rg4 40.e7 f3 41.Rxf3 Be8 42.Rf8 Qc6 43.Qd2 Kb8
44.Be3 h5 45.Bg5  1-0

[Event "Aeroflot Open"]
[Site "Moscow RUS"]
[Date "2007.02.19"]
[Round "6"]
[White "Vallejo Pons,F"]
[Black "Yakovich,Yur"]
[Result "1/2-1/2"]
[WhiteElo "2679"]
[BlackElo "2577"]

1.d4 d5 2.Nf3 Nf6 3.c4 dxc4 4.Nc3 a6 5.e4 b5 6.e5 Nd5 7.a4 e6 8.axb5 Bb4
9.Qc2 Nb6 10.bxa6 Rxa6 11.Rxa6 Nxa6 12.Be3 Bb7 13.Be2 c5 14.dxc5 Bxc5 15.Bxc4 Nxc4
16.Qa4+ Qd7 17.Qxc4 Bxe3 18.fxe3 O-O 19.Kf2 Qe7 20.Rd1 Nb4 21.Rd6 Nd5 22.e4 Nxc3
23.bxc3 h6 24.Qd4 Qc7 25.Rd7 Qc6 26.Rd8 Rxd8 27.Qxd8+ Kh7 28.Qd4 Qxe4 29.Qxe4+ Bxe4
30.Ke3 Bb7 31.c4 f6 32.c5 Kg6 33.g3 Kf7 34.h4 Ke7 35.Kf4  1/2-1/2

[Event "Aeroflot Open"]
[Site "Moscow RUS"]
[Date "2007.02.21"]
[Round "8"]
[White "Vallejo Pons,F"]
[Black "Li Chao2"]
[Result "1-0"]
[WhiteElo "2679"]
[BlackElo "2504"]

1.e4 c5 2.Ne2 d6 3.g3 g6 4.Bg2 Bg7 5.c3 e5 6.d4 Nc6 7.Be3 cxd4 8.cxd4 Nf6
9.d5 Ne7 10.f3 O-O 11.Nbc3 Ne8 12.g4 f5 13.g5 Bd7 14.a4 Rf7 15.Qb3 b6 16.h4 Bf8
17.Kd2 h6 18.Rag1 Rh7 19.f4 Rf7 20.h5 hxg5 21.fxe5 f4 22.Bxf4 gxf4 23.e6 Bxe6
24.dxe6 Rf6 25.Nd5 Nxd5 26.e7 Qxe7 27.Qxd5+ Qf7 28.Qxa8 Nc7 29.hxg6 Qb3 30.Qc6 Qxb2+
31.Qc2 Qxc2+ 32.Kxc2 f3 33.Bf1 fxe2 34.Bxe2  1-0

[Event "Aeroflot Open"]
[Site "Moscow RUS"]
[Date "2007.02.22"]
[Round "9"]
[White "Khairullin,I"]
[Black "Vallejo Pons,F"]
[Result "0-1"]
[WhiteElo "2586"]
[BlackElo "2679"]

1.e4 e5 2.Nf3 Nc6 3.Bb5 Nf6 4.d3 d6 5.O-O g6 6.Re1 Bg7 7.d4 Bd7 8.d5 Ne7
9.Bxd7+ Nxd7 10.c4 h6 11.Nc3 f5 12.b4 O-O 13.Ba3 Nf6 14.Nd2 Rf7 15.c5 Bf8
16.f3 f4 17.Nc4 g5 18.b5 Ng6 19.c6 bxc6 20.dxc6 h5 21.Nd5 Nh4 22.Kh1 g4 23.Re2 Rg7
24.Qd3 Nxd5 25.exd5 gxf3 26.gxf3 Qg5 27.Nd2 Be7 28.Ne4 Qg6 29.Rf2 Kf7 30.Qe2 Rag8
31.Rff1 Qf5 32.Rg1 Qh3 33.Rxg7+ Rxg7 34.Rg1 Rxg1+ 35.Kxg1 Nxf3+ 36.Kh1 Nd4
37.Qd1 Nxb5 38.Bb2 f3 39.Qg1 Nd4 40.Nf2 Qf5  0-1

[Event "Amber Rapid"]
[Site "Monte Carlo MNC"]
[Date "2007.03.17"]
[Round "1"]
[White "Vallejo Pons,F"]
[Black "Aronian,L"]
[Result "0-1"]
[WhiteElo "2679"]
[BlackElo "2744"]

1.e4 e5 2.Nf3 Nc6 3.Bb5 f5 4.Bxc6 dxc6 5.Nc3 fxe4 6.Nxe4 Nf6 7.Qe2 Bg4 8.h3 Bh5
9.d3 Qd5 10.g4 Bf7 11.Nc3 Bb4 12.O-O Bxc3 13.bxc3 e4 14.dxe4 Qxe4 15.Qxe4+ Nxe4
16.Re1 O-O 17.Rxe4 Bd5 18.Nd2 Bxe4 19.Nxe4 Rae8 20.Nc5 Re1+ 21.Kg2 Rd8 22.Nd3 Rd1
23.Nb2 Re1 24.Nd3 Rd1 25.a4 a5 26.Nb2 Re1 27.Nd3 Rd1 28.Kf3 b6 29.Ke2 Rg1
30.Bb2 Re8+ 31.Kf3 Rf8+ 32.Ke2 Re8+ 33.Kf3 Rf8+ 34.Ke3 Re8+ 35.Kd2 Rxa1 36.Bxa1 Re4
37.Nb2 b5 38.f3 Re6 39.c4 bxa4 40.Nxa4 Rh6 41.Be5 Rxh3 42.f4 Rg3 43.g5 h5
44.gxh6 gxh6 45.Nc3 h5 46.Ne4 Rg2+ 47.Ke3 h4 48.Kf3 Rg1 49.Kf2 Rd1 50.f5 a4
51.Ke2 Rd8 52.Bxc7 Rf8 53.f6 a3 54.Kf3 a2 55.Be5 Kf7 56.Kg4 Kg6 57.Bc3 Ra8
58.Kxh4 a1=Q 59.Bxa1 Rxa1 60.Kg4 Rf1 61.c3 Rf5 62.Kg3 Kh5 63.c5 Kg6 64.Kg4 Rf1
65.Kg3 Kf5 66.Nd2 Rg1+ 67.Kf2 Rg6 68.Nf3 Rxf6 69.Ke3 Rh6 70.Nd4+ Ke5 71.c4 Rh3+
72.Nf3+ Ke6 73.Ke4 Rh5 74.Nd4+ Kd7 75.Nf5 Kc7 76.Nd4 Kb7 77.Ne6 Ka6 78.Kd4 Ka5
79.Nd8 Rh6 80.Kc3 Ka4 81.Nf7 Rh5 82.Kd4 Kb4 83.Nd6 Rh4+ 84.Ne4 Rxe4+ 85.Kxe4 Kxc4
86.Ke3 Kxc5 87.Kd3 Kb4  0-1

[Event "Amber Rapid"]
[Site "Monte Carlo MNC"]
[Date "2007.03.20"]
[Round "4"]
[White "Svidler,P"]
[Black "Vallejo Pons,F"]
[Result "1-0"]
[WhiteElo "2728"]
[BlackElo "2679"]

1.d4 Nf6 2.Nf3 d5 3.c4 e6 4.g3 dxc4 5.Bg2 c6 6.O-O b5 7.a4 Bb7 8.b3 cxb3
9.Qxb3 a6 10.Nc3 Be7 11.e4 b4 12.e5 Nd5 13.Ne4 O-O 14.Bg5 Bxg5 15.Nfxg5 h6
16.Nf3 a5 17.Nd6 Ba6 18.Rfc1 Qb6 19.Rc2 Nd7 20.Rac1 Nc3 21.Rxc3 bxc3 22.Qxc3 Rab8
23.h4 Qb2 24.Qxc6 Rbc8 25.Nxc8 Rxc8 26.Qxc8+ Bxc8 27.Rxc8+ Kh7 28.Bf1 Qa3
29.Kg2 Nb6 30.Rc7 Kg8 31.Bb5 Nxa4 32.Be8 Kf8 33.Rc8 Ke7 34.d5 exd5 35.Bc6 Ke6
36.g4 f5 37.Re8+ Kf7 38.e6+ Kg6 39.Ne5+ Kf6 40.Nd7+ Kg6 41.Rf8 fxg4 42.Rf7 Qh3+
43.Kg1 Nc3 44.Nf8+ Kh5 45.Rf5+ g5 46.Be8+ Kxh4 47.Ng6+  1-0

[Event "Amber Blindfold"]
[Site "Monte Carlo MNC"]
[Date "2007.03.20"]
[Round "4"]
[White "Vallejo Pons,F"]
[Black "Svidler,P"]
[Result "0-1"]
[WhiteElo "2679"]
[BlackElo "2728"]

1.e4 c5 2.Nf3 e6 3.d4 cxd4 4.Nxd4 a6 5.c4 Nf6 6.Nc3 Bb4 7.Bd3 Nc6 8.Be3 Ne5
9.Nf3 Nxf3+ 10.gxf3 Qc7 11.Rg1 Qxh2 12.Ke2 Nh5 13.Kd2 Qc7 14.Qb3 Bc5 15.Rg5 Bxe3+
16.fxe3 g6 17.Na4 d6 18.f4 Bd7 19.Nb6 Rd8 20.a4 Bc6 21.Qc3 Ke7 22.Qa5 Nf6
23.Ke2 Rhe8 24.Qc3 Qxb6 25.Qxf6+ Kxf6  0-1

[Event "Amber Rapid"]
[Site "Monte Carlo MNC"]
[Date "2007.03.24"]
[Round "7"]
[White "Ivanchuk,V"]
[Black "Vallejo Pons,F"]
[Result "1-0"]
[WhiteElo "2750"]
[BlackElo "2679"]

1.c4 e5 2.g3 Nc6 3.Bg2 Bc5 4.Nc3 d6 5.Nf3 Nf6 6.d3 h6 7.O-O O-O 8.b3 a6 9.Bb2 Ba7
10.e3 Rb8 11.Qe2 Re8 12.Rfd1 Ne7 13.Ne4 Ng6 14.Nxf6+ Qxf6 15.d4 Qe7 16.dxe5 dxe5
17.Nd2 f5 18.a3 e4 19.b4 Ne5 20.c5 Nd3 21.Bd4 Bd7 22.c6 Bxd4 23.cxd7 Qxd7
24.exd4 Qxd4 25.Nb3 Qe5 26.Qc2 Rbd8 27.Bf1 Nb2 28.Rxd8 Rxd8 29.Nc5 b6 30.Nxa6 Kh7
31.Qxc7 Qd4 32.Qf4 Qf6 33.Rb1 Nd3 34.Qe3 Qc3 35.Qxb6 Qc2 36.b5 e3 37.Qxe3 Qxb1
38.b6 Rd6 39.Nc7 Ne1 40.Nb5 Rd1 41.Nc3 Nf3+ 42.Kg2 Ne1+ 43.Kh3 Qc2 44.Nxd1 Qxd1
45.Qe2 Qb1 46.b7 g5 47.Qe7+ Kg6 48.Qe8+ Kg7 49.b8=Q g4+ 50.Kh4 Nf3+ 51.Kh5  1-0

[Event "Amber Blindfold"]
[Site "Monte Carlo MNC"]
[Date "2007.03.24"]
[Round "7"]
[White "Vallejo Pons,F"]
[Black "Ivanchuk,V"]
[Result "1/2-1/2"]
[WhiteElo "2679"]
[BlackElo "2750"]

1.e4 e6 2.d4 d5 3.Nc3 Nf6 4.Bg5 dxe4 5.Nxe4 Nbd7 6.Nxf6+ Nxf6 7.Nf3 h6 8.Bxf6 Qxf6
9.Bb5+ c6 10.Bd3 Bd7 11.Qe2 O-O-O 12.O-O-O Bd6 13.Kb1 Kb8 14.a3 Bc8 15.Be4 e5
16.dxe5 Bxe5 17.Nxe5 Qxe5 18.Bf3 Qf6 19.Rxd8 Rxd8 20.Rd1  1/2-1/2

[Event "Amber Rapid"]
[Site "Monte Carlo MNC"]
[Date "2007.03.25"]
[Round "8"]
[White "Vallejo Pons,F"]
[Black "Anand,V"]
[Result "0-1"]
[WhiteElo "2679"]
[BlackElo "2779"]

1.d4 Nf6 2.Nf3 e6 3.c4 b6 4.g3 Ba6 5.Nbd2 Bb4 6.Qc2 Bb7 7.Bg2 c5 8.O-O cxd4
9.Nxd4 Bxg2 10.Kxg2 O-O 11.N2f3 Qc7 12.Bg5 Be7 13.Rfd1 a6 14.Rac1 d6 15.Bxf6 Bxf6
16.h4 Nd7 17.Ng5 g6 18.Ne4 Bg7 19.Nf3 Nc5 20.b3 Qc6 21.Nxc5 bxc5 22.h5 g5
23.h6 Bf6 24.Kg1 Be7 25.Qc3 e5 26.Rd5 f5 27.Rcd1 g4 28.Nh2 Rf6 29.e4 Qc8
30.b4 cxb4 31.Qb3 Kf8 32.c5 dxc5 33.Qc4 f4 34.Rxe5 fxg3 35.fxg3 a5 36.Rf5 Rxf5
37.exf5 Qa6 38.Qe4 Rd8 39.Rxd8+ Bxd8 40.Nxg4 Qd6 41.Kf2 Qd4+ 42.Qxd4 cxd4
43.Ne5 a4 44.Nd3 Be7 45.Kf3 a3 46.Nc1 Bg5 47.Nb3 d3 48.Nc5 Bxh6 49.g4 Kf7
50.Nxd3 b3 51.Ne5+ Kg8  0-1

[Event "Amber Blindfold"]
[Site "Monte Carlo MNC"]
[Date "2007.03.29"]
[Round "11"]
[White "Vallejo Pons,F"]
[Black "Kramnik,V"]
[Result "1/2-1/2"]
[WhiteElo "2679"]
[BlackElo "2766"]

1.e4 e5 2.Nf3 Nc6 3.Bb5 a6 4.Ba4 Nf6 5.O-O Be7 6.Re1 b5 7.Bb3 O-O 8.h3 Bb7
9.d3 d6 10.a3 Nb8 11.Nbd2 Nbd7 12.Nf1 Re8 13.Ne3 h6 14.Nh2 Nc5 15.Ba2 Bf8
16.Nhg4 Ne6 17.Nf5 Kh7 18.c3 Nxg4 19.Qxg4 g6 20.Ng3 Bg7 21.f4 exf4 22.Bxf4 d5
23.e5  1/2-1/2

[Event "Amber Rapid"]
[Site "Monte Carlo MNC"]
[Date "2007.03.29"]
[Round "11"]
[White "Kramnik,V"]
[Black "Vallejo Pons,F"]
[Result "1/2-1/2"]
[WhiteElo "2766"]
[BlackElo "2679"]

1.Nf3 d5 2.d4 c6 3.c4 Nf6 4.e3 Bf5 5.Nc3 e6 6.Nh4 Be4 7.f3 Bg6 8.Bd2 Nbd7
9.Qb3 Qc7 10.O-O-O Be7 11.cxd5 Nxd5 12.Nxg6 hxg6 13.e4 Nxc3 14.Bxc3 O-O-O
15.g3 Kb8 16.Kb1 Nb6 17.Be2 Nc8 18.f4 Nd6 19.Bd3 Qb6 20.Qxb6 axb6 21.h4 Ne8
22.Rh2 b5 23.a3 Nf6 24.Bc2 Rd7 25.Re2 Bd8 26.Bb3 Bc7 27.d5 exd5 28.exd5 cxd5
29.Bxf6 gxf6 30.Rxd5 Rxd5 31.Bxd5 g5 32.hxg5 fxg5 33.Re4 gxf4 34.gxf4 Rd8
35.Bb3 f6 36.Rb4 Ka7  1/2-1/2

[Event "8th ch-Euro"]
[Site "Dresden GER"]
[Date "2007.04.03"]
[Round "1"]
[White "Vallejo Pons,F"]
[Black "Hera,I"]
[Result "1/2-1/2"]
[WhiteElo "2679"]
[BlackElo "2501"]

1.g3 Nf6 2.Bg2 d5 3.Nf3 e6 4.O-O Be7 5.c4 O-O 6.d4 c6 7.Qc2 b6 8.b3 Nbd7
9.Rd1 Ba6 10.Nbd2 Rc8 11.e4 c5 12.e5 Ne8 13.Bb2 cxd4 14.Nxd4 b5 15.Rac1 Qb6
16.N4f3 bxc4 17.bxc4 Bxc4 18.Bd4 Qa6 19.Bf1 Ba3 20.Ng5 g6 21.Nxc4 Bxc1 22.Qxc1 dxc4
23.Ne4 f5 24.exf6 Nexf6 25.Qh6 e5 26.Bc3 Nb8  1/2-1/2

[Event "8th ch-Euro"]
[Site "Dresden GER"]
[Date "2007.04.05"]
[Round "3"]
[White "Vallejo Pons,F"]
[Black "Godena,M"]
[Result "1-0"]
[WhiteElo "2679"]
[BlackElo "2530"]

1.e4 e5 2.Nf3 Nc6 3.Bb5 a6 4.Bxc6 dxc6 5.O-O Qd6 6.Na3 Be6 7.Qe2 Ne7 8.Nc4 Bxc4
9.Qxc4 c5 10.Ng5 Qg6 11.d3 Nc6 12.f4 Be7 13.Nf3 exf4 14.Bxf4 O-O-O 15.Ne5 Nxe5
16.Bxe5 f6 17.Bf4 Qe8 18.Be3 Qb5 19.Qf7 Rhe8 20.b3 Bf8 21.a4 Qc6 22.a5 Re5
23.Qc4 Qd7 24.Rf3 Bd6 25.Raf1 Rde8 26.Rf5 Qe7 27.Bd2 Rxf5 28.Rxf5 g6 29.Rf1 Be5
30.Kh1 Qd6 31.h3 Bd4 32.c3 Be5 33.Be3 Rd8 34.Rd1 f5 35.Bxc5 Qf6 36.d4 fxe4
37.Rf1 Bf4 38.g3 Qf5 39.Kh2 g5 40.gxf4 gxf4 41.Bb6 Qd7 42.Rxf4 e3 43.Rf7 Qd6+
44.Kh1  1-0

[Event "8th ch-Euro"]
[Site "Dresden GER"]
[Date "2007.04.06"]
[Round "4"]
[White "Ftacnik,L"]
[Black "Vallejo Pons,F"]
[Result "1/2-1/2"]
[WhiteElo "2582"]
[BlackElo "2679"]

1.d4 Nf6 2.Nf3 d5 3.c4 e6 4.Nc3 dxc4 5.e4 Bb4 6.Bg5 c5 7.Bxc4 cxd4 8.Nxd4 Bxc3+
9.bxc3 Qa5 10.Bb5+ Nbd7 11.Bxf6 Qxc3+ 12.Kf1 gxf6 13.h4 Qb4 14.Rh3 a6 15.Be2 Qd6  1/2-1/2